000 00886nam a2200253 a 4500
001 000022671
005 20200930021730.0
008 101014s1997 es 001 0 spa d
020 _a842398818X
040 _aDO-SdBNP
_bspa
_cBNPHU
082 _axxxx
_bV181R
100 1 _aValle Inclán, Ramón del
_921515
245 1 0 _aSonata de primavera; :
_bLuces de bohemia ; Divinas palabras ; Tirano banderas ; La corte de los milagros /
_cR. Ma. del Valle-Inclán.
260 _aMadrid :
_bEditorial Espasa Calpe,
_c1997.
_fHuerta
300 _a761 p. ;
_c22 cm.
490 1 _aAntología de la literatura universal
563 _aVarias obras empaginadas en páginas continuas
740 2 _aLuces de bohemia
740 2 _aDivinas palabras
740 2 _aTirano banderas
740 2 _aLa corte de los milagros
830 0 _aAntología de la literatura universal
_946613
049 _aBNPD
999 _c22168
_d22168